[Event "Groningen SO ON op B"]
[Site "Groningen"]
[Date "2001.??.??"]
[Round "1.5"]
[White "Sikkes, Piet"]
[Black "Visser, Egbert Ynte"]
[Result "1/2-1/2"]
[WhiteElo "1619"]
[BlackElo "1773"]
[PlyCount "76"]
[EventDate "2001.12.22"]
[EventType "swiss"]
[EventRounds "9"]
[EventCountry "NED"]
[SourceTitle "EXT 2003"]
[Source "ChessBase"]
[SourceDate "2002.11.25"]
[SourceVersion "1"]
[SourceVersionDate "2002.11.25"]
[SourceQuality "1"]

1. d4 d5 2. c4 c6 3. Nc3 Nf6 4. Nf3 a6 5. c5 g6 6. Bf4 Bg7 7. h3 0-0 8. e3 Re8 9. Be2 Nbd7 10. Ne5 Nxe5 11. Bxe5 Nd7 12. Bxg7 Kxg7 13. a3 e5 14. b4 exd4 15. Qxd4+ Qf6 16. Qxf6+ Nxf6 17. Rd1 Ne4 18. Nxe4 Rxe4 19. Rd4 Rxd4 20. exd4 Bf5 21. Kd2 Re8 22. g4 Bc2 23. Rc1 Ba4 24. Bf3 Bb5 25. Re1 Rxe1 26. Kxe1 g5 27. Bg2 Kg6 28. Kd2 h5 29. Ke3 h4 30. f3 f5 31. Kf2 Bc4 32. Bf1 Bxf1 33. Kxf1 Kf6 34. Ke2 fxg4 35. fxg4 Ke6 36. Kd3 Kd7 37. Kc3 Kc7 38. Kb3 b5 1/2-1/2